000 00621nam a2200205Ia 4500
001 1833
003 GE_BSU
008 181216s||||||||xx |||||||||||||| ||und||
020 _a9786054330645
040 _cGE_BSU
080 _a611(560)+612(560)
100 _aАлексеева, Д.Г; Пыхтин,С.В; Хоменко, Е.Г;;.
245 _aБанковское право.
245 _b3-ье изд.перер. и доп Учебное пособие для студ. вузов.
260 _c2011
300 _a223 с.19 cm.
541 _h7л.
653 _aБанковское право.
942 _cBK
999 _c35935
_d35935